|
|
|
|
| LEADER |
00000nab a2200000 a 4500 |
| 001 |
vtls000781860 |
| 003 |
SK-MaSNL |
| 005 |
20260303184011.0 |
| 008 |
140301c2002 xo 0 slo |
| 015 |
|
|
|a SNBRB2002/02-04586
|
| 035 |
|
|
|a CLN000133586
|
| 040 |
|
|
|a SNKBUCL
|b slo
|c SNKBUCL
|e AACR2
|
| 041 |
0 |
|
|a slo
|
| 044 |
|
|
|a xo
|c SK
|
| 080 |
|
|
|a 329.14(437.6)SDĽ:662.76:662.691.4:061.5(437.6)
|2 1997
|
| 080 |
|
|
|a 662.76(437.6)
|2 1997
|
| 080 |
|
|
|a 662.691.4:061.5(437.6)
|2 1997
|
| 100 |
1 |
|
|a Gottweisová, Alena
|4 aut
|9 838478
|
| 245 |
1 |
0 |
|a Zvyšovaním cien k radosti v penzii
|c Alena Gottweisová
|
| 610 |
|
7 |
|a Slovenský plynárenský priemysel (Bratislava, Slovensko)
|x privatizácia
|2 snkbucl
|9 840671
|
| 610 |
2 |
7 |
|a Strana demokratickej ľavice
|2 snkbucl
|9 165260
|
| 655 |
|
7 |
|a články z novín a časopisov
|2 snkbucl
|9 267496
|
| 773 |
0 |
|
|t Hospodárske noviny
|g Roč. 10, č. 17 (24.1.2002), s. 5
|x 1335-4701
|
| 850 |
|
|
|a Slovenská národná knižnica v Martine
|
| 852 |
|
|
|a SNK
|b KIS3GCP
|
| 958 |
|
|
|a SK
|
| 992 |
|
|
|a RBX
|
| 999 |
|
|
|c 2124263
|d 2126193
|